000 00805nam a2200229 a 4500
001 000030521
005 20240530073920.0
008 110523s2006 dr 000 f spa d
020 _a9993456020
040 _aDO-SdBNP
_bspa
_cBNPHU
082 _aRD863.44
_bI32s, 2006
100 1 _aImbert Brugal, Carmen
_957149
245 1 0 _aSueños de salitre /
_cCarmen Imbert Brugal.
260 _aSanto Domingo :
_bNorma,
_c2006.
_g(reimpresión 2008, 2011)
300 _a146 p. ;
_c23 cm.
500 _aLa biblioteca posee la 4ª reimpresión del 2008 y la 5ª del 2011
500 _aIncluye datos biográficos del autor en la solapa de la cubierta
590 _aInventariado, 2020/BT
650 0 _aNovela dominicana
_9223
650 0 _aLiteratura dominicana.
_967
910 _aValidado. Control de calidad MFF
999 _c30013
_d30013